Čitateľské určenie a charakter literatúry vydávanej na Slovensku v prvej polovici 18. storočia

Bibliographic Details
Main Author: Klimeková, Agáta, 1955- (Author)
Format: Article
Language:Slovak
PhysicalDescription:Tab.
ISSN:1335-7026
Subjects:
Online Access:http://www.snk.sk/images/snk/casopis_kniznica/2008/oktober/26.pdf

MARC

LEADER 00000nab a2200000 a 4500
001 vtls009356863
003 SK-MaSNL
005 20260426090527.0
008 250507|2008 xo mr|p||||||||00 b|slo
015 |a SNBRB2008/11  |2 snkbucl 
035 |a (uuid)af191443-b04c-4fe6-a893-e75fec85ba1f 
035 |a urn:nbn:sk:snk-abc48x 
035 |a (urnnbn)urn:nbn:sk:snk:ar-000md3 
038 |a SNKBUCL 
040 |a SNKBUCL  |b slo  |c SNKBUCL  |e AACR2 
041 0 |a slo 
044 |a xo  |c SK 
080 |a 002.2  |x (437.6)  |x "17"  |2 2001 
100 1 |a Klimeková, Agáta,  |d 1955-  |4 aut  |9 256206 
245 1 0 |a Čitateľské určenie a charakter literatúry vydávanej na Slovensku v prvej polovici 18. storočia  |c Agáta Klimeková 
300 |b Tab. 
504 |a Bibliogr. odkazy 
648 7 |a 18. stor., 1. polovica  |2 snkbucl  |9 770931 
650 0 7 |a literatúra  |2 snkbucl  |9 1427 
650 0 7 |a knižná produkcia  |2 snkbucl  |9 79149 
651 7 |a Slovensko  |2 snkbucl  |9 14231 
773 0 |t Knižnica  |g Roč. 9, č. 10 (2008), s. 26-29  |x 1335-7026 
850 |a Slovenská národná knižnica 
852 |a Slovenská národná knižnica 
856 4 1 |u http://www.snk.sk/images/snk/casopis_kniznica/2008/oktober/26.pdf 
954 |a odborná, vedecká literatúra pôvodná (slovenská)  |2 lita 
958 |a article15 
958 |a OND 
958 |a NB 
958 |a KL 
958 |a EUIPO 
999 |c 2994365  |d 2996295